LEADER 00762nam a2200217 i 4500 001 000000166181 003 CaOOAMICUS 005 20071107000000.0 008 071107n it u000 u ita u 013 $a143549 040 $aSeMil$bita 245 10$aVol. 3. 300 $a207 p. 490 0 $aScrittori italiani e stranieri 490 0 $aPoesia 773 0 $tPiù belle pagine dei poeti d'oggi.$dLanciano : G. Carabba, 1928-1930.$kScrittori italiani e stranieri$w()1713 830 0$aScrittori italiani e stranieri.$0(OLS)http://semarc/title/2727 830 0$aPoesia.$0(OLS)http://semarc/title/8399 850 $aSeMil 852 $aSeMil$W1$xVenegono$y1$m1H V 21$j117352$B117352$CSeMilBibl$Z2$F128085 $81 996 $6245$aVol. 3$9(OLS)http://semarc/title/80712 LEADER 00896nam a2200205 i 4500 001 000000224225 003 CaOOAMICUS 005 20131028000000.0 008 131028s1830 it u000 u lat u 013 $a203123 026 $aI.S, umus uste "t"p (3) 1830 (R) 040 $aSeMil$bita 245 10$aTomus 26. 300 $a[4], 552, [2] p. 773 0 $aGuillon, Marie Nicolas Sylvestre <1760-1847>$tCollectio selecta SS. Ecclesiae Patrum, complectens exquisitissima opera tum dogmatica et moralia, tum apologetica et oratoria; accurantibus D. Caillau ... una cum D.M.N.S. Guillon ..$dParisiis : Apud Méquignon-Havard, 1829-1840 (Parisiis : Typis Decourchant)$g26$w()28977 850 $aSeMil 852 $aSeMil$W1$xVenegono$y1$m2S II 26 FA$j174571$B174571$CSeMilBibl$Z2$F184646 $8I 941 1 $a10 961 $aRecupero: Mantegazza 996 $6245$aTomus 26$9(OLS)http://semarc/title/321323